If you knew Susie - Statistics

General Stats
  • This quiz has been taken 33 times
  • The average score is 5 of 12
Answer Stats
Picture Answer % Correct
Susan Sarandon
93%
Susan Boyle
83%
Suzi Quatro
57%
Susan B. Anthony
53%
Susan Dey
40%
Suzanne Somers
40%
Siouxsie Sioux
33%
Susannah York
17%
Susannah Constantine
13%
Susan Saint James
13%
Suzanne Vega
13%
Susan Sontag
7%
No matching quizzes found
Score Distribution
Percent of People with Each Score
Percentile by Number Answered
Your Score History
You have not taken this quiz